| 000 | 01539nam a2200361 i 4500 | ||
|---|---|---|---|
| 003 | DO-SdBNP | ||
| 005 | 20240426154420.0 | ||
| 007 | ta | ||
| 008 | 240426b2019 dr a|||| |||| 00| 0 spa d | ||
| 020 | _a9789945177459 | ||
| 040 |
_aDO-SdBNP _bspa _cBNPHU _erda |
||
| 082 | 4 | _222 | |
| 245 | 0 | 0 |
_aLengua Española 5 : _bdel proyecto editorial de educación primaria / _ccolaboración, Luz Adames Sirí, Enmanuel Peña, Susana Flores Herrera, Karen Maturana Paz, Jéssica Vargas Arriaga ; edición, Elias Herrera Jerez ; corrección, Katy Alba Rocha Arias ; ilustraciones, Diego Colón, Juan Richard Feliz, Kelvin Díaz, Juan Pablo Feliz, Wi-Hen Fung, Osvaldo Torres. |
| 264 | 4 |
_aSanto Domingo : _bS M, _c2019. |
|
| 300 |
_a239 páginas : _bIlustraciones ; _c27 cm. |
||
| 336 |
_2rdacontent _atexto _btxt |
||
| 337 |
_2rdamedia _asin mediación _bn |
||
| 338 |
_2rdacarrier _avolumen _bnc |
||
| 490 | _aSavia | ||
| 590 | _aInventariado 2024/BT | ||
| 700 | 1 |
_aAdames Sirí, Luz, _ecolaboración _985304 |
|
| 700 | 1 |
_aPeña, Enmanuel, _ecolaboración _985305 |
|
| 700 | 1 |
_aFlores Herrera, Susana, _ecolaboración _985306 |
|
| 700 | 1 |
_aMaturana Paz, Karen, _ecolaboración _985307 |
|
| 700 | 1 |
_aHerrera, Jerez, _eedición _985308 |
|
| 700 | 1 |
_aRocha Arias, Kary Alba,, _ecorrección _985309 |
|
| 700 | 1 |
_aFung, Wi-Hen, _eilustración _973248 |
|
| 700 | 1 |
_aColón, Diego, _eilustración _96598 |
|
| 700 | 1 |
_aRichard Feliz, Juan, _eilustración _985341 |
|
| 700 | 1 |
_aDíaz, Kelvin, _eilustración _985347 |
|
| 910 | _aBTavárez | ||
| 942 |
_2ddc _cLBS1 |
||
| 999 |
_c56543 _d56543 |
||